00506nam a2200169Ia 4500003000400000005001700004008004100021020001800062040000700080041000800087082002200095100004300117245010500160260004100265300001600306365001400322OSt20230405104521.0210423s2009 xx 000 0 und d a9781412935852 cAL aeng a616.8914 ODOW223 aODONOHUE (William);GRAYBAR (Steven R). aHandbook of contemporary psychotherapy: toward an improved understanding of effective psychotherapy. aLos AngelesbSage Publicationsc2009 axiv,418bPB b4358cINR